Investment Trivia!!! - Statistics

General Stats
  • This quiz has been taken 91 times
  • The average score is 14 of 27
Answer Stats
Hint Answer % Correct
Where is Wall Street? New York City
93%
What country represents 54.5% of the world stock market capitalization? USA
90%
What does ROI stand for? Return on Investment
89%
What company is named after the best fruit? Apple(AAPL)
88%
What is the acronym for the New York Stock Exchange? NYSE
83%
Which investor is known as the “Oracle of Omaha”? Warren Buffet
79%
What is a term used for an investor expecting stock to increase in value? Bull
69%
What does the P/E in P/E ratio stand for? Price to Earnings
69%
What kind of stock trades for $5 or less? Penny Stocks
68%
On average, what month does the market perform the poorest in? September
64%
What are stock prices referred to when they drop? Bear Market
63%
How many stock exchanges have a market cap higher than 1 trillion USD? 19
61%
What’s the world’s most expensive stock? Berkshire Hathaway A
51%
What is the most volatile month in stock market? October
51%
What’s a highly valued Chinese company? Alibaba/Tencent/ICBC/Hon Hai Precision/Sinopec/Huawei/China Railway/Petrochina/Evergrande group/SAIC motor
49%
How many stock exchanges are there? 60
39%
What time does the stock market open(PST)? 6:30 AM
38%
What’s the largest pharmaceutical company by market cap? Johnson & Johnson(JNJ)
38%
What is ranked second on the list of stock exchanges by market cap? NASDAQ
38%
Where was the first stock exchange created? Amsterdam
35%
Which movie talks about a serial killer who is also a hedge fund manager? American Psycho
33%
What time does the stock market close(PST)? 1:00 PM
31%
MAD MONEY! Investor who gets crazy on his talk show Jim Cramer
28%
What was the first companyto issue stocks? The Dutch East India Trading Co.
26%
What is considered the riskiest investment? Options Trading
25%
When was the stock exchange created? 1611
14%
What company went up 12,000% from January - May 2021? Dogecoin(DOGE)
4%
No matching quizzes found
Score Distribution
Percent of People with Each Score
Percentile by Number Answered
Your Score History
You have not taken this quiz